000
00506nam a2200181Ia 4500
008
090123s9999 xx 000 0 und d
082
_b
3851
100
_a
पिंगे रवींद्र
245
_a
शतपावली
250
_a
1
260
_b
राजहंस
_c
1974
300
_a
1947
600
_a
पिंगे रवींद्र
630
_a
शतपावली
700
_a
पिंगे रवींद्र
730
_a
शतपावली
942
_c
BOOK
999
_c
41927
_d
41927